Հայոց եկեղեցու պատմություն : (Record no. 300870)
[ view plain ]
| 000 -LEADER | |
|---|---|
| fixed length control field | 00963nam a2200229 a 4500 |
| 001 - CONTROL NUMBER | |
| control field | 000837289 |
| 003 - CONTROL NUMBER IDENTIFIER | |
| control field | AM-YeHGA |
| 005 - DATE AND TIME OF LATEST TRANSACTION | |
| control field | 20250618073958.0 |
| 008 - FIXED-LENGTH DATA ELEMENTS--GENERAL INFORMATION | |
| fixed length control field | 111011s2011 ai r 000 0 arm d |
| 020 ## - INTERNATIONAL STANDARD BOOK NUMBER | |
| Canceled/invalid ISBN | 978-9939-59-079-0 |
| 040 ## - CATALOGING SOURCE | |
| Original cataloging agency | AM-YeHGA |
| 041 0# - LANGUAGE CODE | |
| Language code of text/sound track or separate title | arm |
| 090 ## - LOCALLY ASSIGNED LC-TYPE CALL NUMBER (OCLC); LOCAL CALL NUMBER (RLIN) | |
| -- | 302569 |
| 100 1# - MAIN ENTRY--PERSONAL NAME | |
| Personal name | Տեր-Մկրտչյան, Կարապետ |
| Titles and words associated with a name | Եպիսկոպոս, |
| Dates associated with a name | 1866-1915 |
| 9 (RLIN) | 3949 |
| 245 10 - TITLE STATEMENT | |
| Title | Հայոց եկեղեցու պատմություն : |
| Remainder of title | Ուսումնական ձեռնարկ / |
| Statement of responsibility, etc. | Կ. Տեր-Մկրտչեան; Խմբ.՝ Պ.Հ. Հովհաննիսյան. |
| 250 ## - EDITION STATEMENT | |
| Edition statement | Վերահրատարակություն |
| 260 ## - PUBLICATION, DISTRIBUTION, ETC. | |
| Place of publication, distribution, etc. | Էջմիածին : |
| Name of publisher, distributor, etc. | Մայր Աթոռ Ս. Էջմիածնի հրատ., |
| Date of publication, distribution, etc. | 2011. |
| 300 ## - PHYSICAL DESCRIPTION | |
| Extent | մաս. |
| 505 00 - FORMATTED CONTENTS NOTE | |
| Miscellaneous information | Մ. Ա (2011, 264 էջ) |
| 650 14 - SUBJECT ADDED ENTRY--TOPICAL TERM | |
| Topical term or geographic name entry element | Հայոց եկեղեցու պատմություն |
| Form subdivision | Ուսումնական ձեռնարկ |
| 700 1# - ADDED ENTRY--PERSONAL NAME | |
| Personal name | Հովհաննիսյան, Պետրոս Հովհաննեսի, |
| Dates associated with a name | 1944- |
| Withdrawn status | Lost status | Damaged status | Not for loan | Collection | Home library | Current library | Date acquired | Cost, normal purchase price | Shelving control number | Total checkouts | Full call number | Barcode | Date last seen | Price effective from | Koha item type | Public note |
|---|---|---|---|---|---|---|---|---|---|---|---|---|---|---|---|---|
| General | Fundamental Scientific Library | Fundamental Scientific Library | 09/01/2017 | 875.00 | AII/101678 | FL0411004 | 09/01/2017 | 09/01/2017 | Գրքեր / Books | 30 Days Loan |
ՀՀ Գիտությունների ազգային ակադեմիայի հիմնարար գիտական գրադարան = Fundamental Scientific Library of NAS RA
All site content, except where otherwise noted, is licensed under a